Bleeding love / (Record no. 2475)

MARC details
000 -LEADER
fixed length control field 00516nam a22001697a 4500
005 - DATE AND TIME OF LATEST TRANSACTION
control field 20260126082143.0
008 - FIXED-LENGTH DATA ELEMENTS--GENERAL INFORMATION
fixed length control field 260126b |||||||| |||| 00| 0 eng d
020 ## - INTERNATIONAL STANDARD BOOK NUMBER
International Standard Book Number 978-971-27-3598-1
082 ## - DEWEY DECIMAL CLASSIFICATION NUMBER
Classification number Fic. M332 2020
245 ## - TITLE STATEMENT
Title Bleeding love /
Statement of responsibility, etc. MariaLea
260 ## - PUBLICATION, DISTRIBUTION, ETC.
Place of publication, distribution, etc. Mandaluyong City:
Name of publisher, distributor, etc. Anvil Publishing,
Date of publication, distribution, etc. c2020
300 ## - PHYSICAL DESCRIPTION
Extent [268]p.
541 ## - IMMEDIATE SOURCE OF ACQUISITION NOTE
Accession number 7852 c.1
650 ## - SUBJECT ADDED ENTRY--TOPICAL TERM
Topical term or geographic name entry element Romance fiction, Filipino
9 (RLIN) 115
650 ## - SUBJECT ADDED ENTRY--TOPICAL TERM
Topical term or geographic name entry element Man - woman relationship - Fiction, Filipino
9 (RLIN) 116
650 ## - SUBJECT ADDED ENTRY--TOPICAL TERM
Topical term or geographic name entry element Marriage - Fiction, Filipino
9 (RLIN) 117
Holdings
Withdrawn status Lost status Source of classification or shelving scheme Damaged status Not for loan Home library Current library Date acquired Total Checkouts Full call number Barcode Date last seen Copy number Price effective from Koha item type
    Dewey Decimal Classification     ctu-moalboal ctu-moalboal 05/27/2024   Fic. M332 2020 7852 01/26/2026 1 01/26/2026 Books-Fiction